01327nam a2200241Ia 4500001001100000003001000011008004100021040002500062041001300087100002500100245004400125250001100169260009300180300001200273500022300285501011400508520022300622650002300845942000700868957000600875999004200881952016200923L248-27576IT-CnALBA170116s9999||||xx |||||||||||||| ||und|| aIT-CnALBAcIT-CnALBA aITALIANO aDIONISI AURELIO, SJ. 0aIL CUORE DI GESÙ E IL MONDO MODERNO.  a1a ed. aTORINO - ROMAbAPOSTOLATO DELLA PREGHIERAc1951 [1° Ed.:1951 - Ed.Ling.Originale: 1951] a142 p.  aPREFAZIONE DELL'AUTORE. IL FIGLIO DI DIO. IL CUORE DI GESÙ. INDAGINE TEOLOGICA. CUORE DI GESÙ E MONDO MODERNO. CHIESA. PROTESTANTI SACERDOTE. FAMIGLIA SCIENZA POLITICA. ECONOMIA. NON CRISTIANI. CRISTIANI. LITANIE.  aSocietà San Paolo EM - Piazza San Paolo, 14 - 12051 ALBA (CN) (non commercial uses only) ® Copyright 2017 aPREFAZIONE DELL'AUTORE. IL FIGLIO DI DIO. IL CUORE DI GESÙ. INDAGINE TEOLOGICA. CUORE DI GESÙ E MONDO MODERNO. CHIESA. PROTESTANTI SACERDOTE. FAMIGLIA SCIENZA POLITICA. ECONOMIA. NON CRISTIANI. CRISTIANI. LITANIE.  aASCETICA E MISTICA cBK 71 a32365bNOg Copie: 1 c286624d286624 0010406L_2482757671aALBAbALBAd2017-01-16l0oL248-27576r2017-01-16 00:00:00w2017-01-16yBKz(data import: 16 gennaio 2017) - By Epidotti, Vaglietti.